01244nam0a22002411 4500001001000000005001700010035002600027100004100053101000800094102000700102105001800109200022600127210004200353215002200395225025500417300004300672300009000715320003300805700010500838801001800943801002200961852001900983rc\43596520250621083930.0 a(NLR Aleph) 005682459 a20030616d1987 |||y0rusy50 ca0 arus aRU aa |||||||||1 aТехнологическое оборудование для изготовления опорных кварцевых труб, заготовок и оптических волоконfЮ.Т. Ларин, к. т. н. aМ.cИнформэлектроd1987 a63 с.cил.d211 aЭлектротехническая промышленностьhСерия 19iКабельная техникаeОбзор. информ.fВНИИ информ. и техн.-экон. исслед. в электротехникеvВып. 3 (8) aНа обл. авт. не указан aВ надзаг. также: М-во электротехн. пром-сти СССР aБиблиогр.: с. 48-53 140707ca8rusaЛаринbЮ. Т.f1945-2019gЮрий Тимофеевич3RU\NLR\AUTH\770271962 0aRUbNLRgpsbo 1aRUbELAR2rusmarc aNLRjП10/5996